000 00530nam a2200169 i 4500
001 97979
003 ES-MaACL
005 20230906182208.0
007 t|
008 050721s1970 sp ||||1| spa d
100 1 _aMarlé, René.
_976933
245 1 0 _aBultmann y la interpretación del Nuevo Testamento /
_cRené Marlé, S.J.; [versión de Jesús Cordero, O.P.].
260 _aBilbao :
_bDesclée de Brouwer,
_c1970.
300 _a214 p. ;
_c20 cm.
700 1 _aCordero, Jesús.
_940509
852 _aES-MaACL
_jC-49552
_bR.72852
999 _c97979
_d97979